Hadriana dans tous mes rêves / (Registro nro. 12859)

Detalles MARC
000 -LIDER
fixed length control field 00654nam a22002297a 4500
003 - IDENTIFICACDOR DE NÚMERO DE CONTROL
control field DO-SdBNP
005 - DATE AND TIME OF LATEST TRANSACTION
control field 20171130095216.0
008 - ELEMENTOS DE LONGITUD FIJA
fixed length control field 171113b 1993 fr ||||| |||| 00| 0 spa d
020 ## - ISBN
International Standard Book Number 2070382729
040 ## - FUENTE DE CATALOGACIÓN
Agencia que crea de manera original el registro BPMSU
Idioma de catalogación spa
Agencia que realiza la transcripción BPMSU
092 ## - LOCALLY ASSIGNED DEWEY DECIMAL CALL NUMBER
Número de clasificación xxxx
Número de ítem (Cutter) xxxx
100 1# - ASIENTO PRINCIPAL -- NOMBRE PERSONAL
Nombre personal Depestre, René Depestre,
Fechas asociadas con el nombre 1926-
245 10 - MENCIÓN DE TITULO
Título Hadriana dans tous mes rêves /
Mención de responsabilidad René Depestre
260 ## - PUBLICACIÓN, DISTRIBUCIÓN, ETC. (PIE DE IMPRENTA)
Lugar de publicación, distribución, etc [Paris] :
Nombre del editor, distribuidor, etc. Gallimard,
Fecha de publicación, distribución, etc 1993.
300 ## - DESCRIPCIÓN FÍSICA
Extensión 213 p. ;
Dimensiones 20 cm.
490 1# - MENCIÓN DE SERIES
Mención de serie Folio
Volume/sequential designation 2182
500 ## - NOTA GENERAL
Nota general Incluye datos del autor<br/>
830 #0 - ASIENTO SECUNDARIO DE SERIE--TÍTULO UNIFORME
Título uniforme Folio
Volume number/sequential designation 2182
942 ## - ADDED ENTRY ELEMENTS (KOHA)
Source of classification or shelving scheme Dewey Decimal Classification
Koha item type Libros
945 ## - INFORMACIÓN DE PROCESAMIENTO LOCAL
Información de procesamiento local Inventariado 2017 /LP
956 ## - LOCAL ELECTRONIC LOCATION AND ACCESS (OCLC)
Nombre de host LOPEREZ
Número de acceso 10
Información de compresión 20171113
Trayectoria 0041
Existencias
Withdrawn status Lost status Source of classification or shelving scheme Damaged status Not for loan Collection code Home library Current library Date acquired Coded location qualifier Total Checkouts Barcode Date last seen Price effective from Koha item type
    Dewey Decimal Classification     Colección General Biblioteca Pública Metropolitana Salomé Ureña Biblioteca Pública Metropolitana Salomé Ureña 11/13/2017 Donación   BPMSU17110164 11/13/2017 11/13/2017 Libros